000 00397nam a2200169Ia 4500
001 8841
003 IN-NITTTR
005 20251114233042.0
008 251113s9999||||xx |||||||||||||| ||eng||
040 _beng
040 _cIN-NITTTR
041 _aeng
082 _a538 V894M
100 _aVonsovsky, S. V.
245 0 _aMagnetism of elecmentary particles /
_cVonsovsky, S. V.
942 _2ddc
_cBK
999 _c11478
_d11478